Logo BPK

Biblioteka

Politechniki Koszalińskiej

Metodyka implementacji informatycznych systemów zarządzania w przedsiębiorstwach produkcyjnych / (Rekord nr 56664)

Szczegóły MARC
000 -ETYKIETA REKORDU
podpole kontrolne o stałej długości 00838nam a2200253 i 4500
001 - NUMER KONTROLNY REKORDU
pole kontrolne bg
020 ## - MIĘDZYNARODOWY ZNORMALIZOWANY NUMER KSIĄŻKI - ISBN
ISBN 9788374812016
040 ## - ŹRÓDŁO KATALOGOWANIA
Instytucja, która utworzyła rekord BPK
041 ## - KOD JĘZYKA
Kod języka tekstu pol
044 ## - KOD KRAJU WYDAWCY/PRODUCENTA
Kod kraju wydawcy/producenta POL
080 ## - UNIWERSALNA KLASYFIKACJA DZIESIĘTNA - UKD
UKD 004:658.5
920 ## - Międzynarodowy znormalizowany numer książki – ISBN
ISBN 978-83-7481-201-6
008 - POLE O STAŁEJ DŁUGOŚCI - DANE KONTROLNE
podpole kontrolne o stałej długości 090818s2008 pl a f |000 0 pol
100 1# - NAZWA OSOBOWA
Nazwa osobowa Woźniak, Waldemar.
245 00 - TYTUŁ/ODPOWIEDZIALNOŚĆ
Tytuł Metodyka implementacji informatycznych systemów zarządzania w przedsiębiorstwach produkcyjnych /
Pozostałe elementy strefy tytułu i oznaczenia odpowiedzialności Waldemar Woźniak, Sławomir Kłos, Justyna Patalas.
260 ## - STREFA ADRESU WYDAWNICZEGO
Miejsce wydania Zielona Góra :
Nazwa wydawcy/dystrybutora Oficyna Wydawnicza Uniwersytetu Zielonogórskiego,
Data publikacji, dystrybucji/powstania dokumentu 2008.
300 ## - STREFA OPISU FIZYCZNEGO
Objętość 138 s. :
Inne cechy fizyczne il. ;
Rozmiary 24 cm.
504 ## - UWAGA DOTYCZĄCA BIBLIOGRAFII
Informacje o bibliografii Bibliogr. s. 136-138.
650 #9 - HASŁO PRZEDMIOTOWE W FORMIE NAZWY OGÓLNEJ LUB JEDNOSTKOWEJ
Nazwa ogólna lub geograficzna Przedsiębiorstwo
Określnik ogólny komputeryzacja
650 #9 - HASŁO PRZEDMIOTOWE W FORMIE NAZWY OGÓLNEJ LUB JEDNOSTKOWEJ
Nazwa ogólna lub geograficzna Systemy informatyczne zarządzania
700 1# - HASŁO DODATKOWE - NAZWA OSOBOWA
Nazwa osobowa Woźniak, Waldemar.
700 1# - HASŁO DODATKOWE - NAZWA OSOBOWA
Nazwa osobowa Patalas, Justyna.
856 ## - LOKALIZACJA I DOSTĘP DO ELEKTRONICZNYCH DOKUMENTÓW ZDALNYCH
Link (URL) http://koha.tu.koszalin.pl/cgi-bin/koha/opac-detail.pl?biblionumber=56664
Tekst linku Katalog online BPK
942 ## - DODATKOWE ELEMENTY (KOHA)
Typ dokumentu Książka
Egzemplarze
Wycofany Status egzemplarza Uszkodzony Dostępność Lokalizacja stała Lokalizacja bieżąca Miejsce przechowywania Sygnatura Kod kreskowy Dział Typ dokumentu
      Tylko na miejscu Biblioteka Politechniki Koszalińskiej Biblioteka Politechniki Koszalińskiej Czytelnia Wydziałowa ul. Kwiatkowskiego 6e 91651 02485607 004 Informatyka Książka
© 2023 Biblioteka Politechniki Koszalińskiej :: KOHA